| 000 | 00756nam a2200265Ia 4500 | ||
|---|---|---|---|
| 003 | OSt | ||
| 005 | 20220918220624.0 | ||
| 006 | a|||||r|||| 00| 0 | ||
| 007 | ta | ||
| 008 | 220917b |||||||| |||| 00| 0 eng d | ||
| 024 | _a146,569 | ||
| 037 | _cTextual | ||
| 040 |
_aARTS _cARTS _beng |
||
| 041 |
_2eng _aeng |
||
| 082 | _aY48:f, M7 | ||
| 100 |
_aMoyser George Ed _9137926 |
||
| 245 | 0 | _aResearch methods for Elite studies | |
| 260 |
_aLondon _bAllen and Unwin _c1987 |
||
| 300 |
_axii, 272p. _ccm. |
||
| 490 | _aContemporary social research series; 14 | ||
| 650 | _aSOCIOLOGY | ||
| 700 |
_a Wagstaffe Margaret Ed _9137927 |
||
| 942 |
_hY48:f, M7 _cTEXL _2CC |
||
| 999 |
_c269325 _d269325 |
||